00309nam a2200121Ia 4500008004100000041000800041082001500049100001800064245003100082260003500113300003000148365000900178240624s9999 xx 000 0 und d aeng a303.48 RIT aRITZER GEORGE aGLOBALIZATION OF NOTHING 2 c2007aLondonbPine Forge Press axi, : 249 : p. : cm. ; 22 cb30